000
00460nam a2200169Ia 4500
008
090711s9999 xx 000 0 und d
082
_b
52343
100
_a
बोरकर कमलाकर
245
_a
आक्रदंन
260
_c
1985
300
_a
78
600
_a
बोरकर कमलाकर
630
_a
आक्रदंन
700
_a
बोरकर कमलाकर
730
_a
आक्रदंन
942
_c
BOOK
999
_c
307079
_d
307079